Memoria del Encuentro Intercooperativo "Análisis de la Actividad Arrocera 1983"
Uloženo v:
| Korporativní autor: | |
|---|---|
| Médium: | Text |
| Vydáno: |
Guanacaste :
|
| Tagy: |
Přidat tag
Žádné tagy, Buďte první, kdo vytvoří štítek k tomuto záznamu!
|
MARC
| LEADER | 00000 a a2200000 04500 | ||
|---|---|---|---|
| 001 | 14559 | ||
| 003 | |||
| 040 | |||
| 090 | |a 014300 | ||
| 110 | |a Proyecto FORGE (Francia-CEE-IICA) | ||
| 245 | |a Memoria del Encuentro Intercooperativo "Análisis de la Actividad Arrocera 1983" | ||
| 260 | |a Guanacaste : | ||
| 300 | |a 77 p | ||
| 999 | |c 5881 |d 5881 | ||
